MDQL
is popping MORE tags! Check the
thread
!
Quizzes
Events
Quiz Creation
Community
Videos
Private Events
Remove Ads
Sign In
Join for FREE
Feedback
Dark Mode
Quiz Categories
Sports
Geography
Music
Movies
Television
Just For Fun
Miscellaneous
History
Literature
Language
Science
Gaming
Entertainment
Religion
Holiday
For Kids
Quiz Lab
Recent
Popular Today
Quiz Kudos Today
Editor Picks
Curator Picks
Quizzes by...
Day
Popularity
Type
Ratings
Length
Year
Community
Subscriptions
Recent Discussions
Orange Saloon
Badges
Playlists
Quests
Create
Leaderboards
Showdown
Live 5
Trivia Bingo
Activity
Puzzle Library
Sporcle Events
Private Events
Virtual Trivia
Globe League
Become a Host
Pub Owners
SporcleCon
Opinionation
Our Games
Videos
Blog
Mobile Apps
Partnerships
Remove Ads and Go Orange
Feedback
Music
Pop Music
The Beatles
Song
Album
Lyrics
Bands
Singers
Artist
Clip
Rock
Rap
Classical
Billboard
Country Music
Kpop
Taylor Swift
Music
Pop Music
The Beatles
Song
Album
Lyrics
Bands
Singers
Artist
Clip
Rock
Rap
Classical
Billboard
Country Music
Kpop
Taylor Swift
Random Quiz
Search Sporcle
×
Quiz Lab
Quiz Lab
Music
Edition
Click on answers out of a set of options
Click on answers out of a set of options
Multiple Choice
Best Score? Go Orange.
Dance music general knowledge: American edition Stats
How much do you know about American dance music?
By
FourFourMag
10m
10 Questions
510 Plays
510 Plays
510 Plays
Comments
Comments
Give Quiz Kudos
Give Quiz Kudos
-
- Ratings
hide this ad
Random Order
Randomize order of answers
Randomize order of answers
Replay
Link that replays current quiz
Next Quiz
Link to next quiz in quiz playlist
You Got
0%
They Got
Avg Score
51%
Avg Friend Score
Upgrade to see
Score Distribution
Jump to the score distribution portion of the page
Score
0/10
Timer
10:00
0
Plays Today
Question
Answer
Wrong Answers
Where is Jeff Mills from?
Detroit
86.3%
Chicago
8.4%
New York
3.9%
Texas
1.2%
Which famous American artist released the house classic 'French Kiss' in 1989?
Lil Louis
68%
Kerri Chandler
11.4%
Todd Terry
11.8%
DJ Sneak
6.7%
Which dance anthem hit #1 on the US Charts in 1997?
Daft Punk - Da Funk
55.9%
Tony De Vit - Burning Up
8.4%
Modjo - Lady (Hear Me Tonight)
30.8%
Dune - Hardcore Vibes
4.7%
On which label was Armand Van Helden's 'You Don't Know Me' released?
Armed
49.6%
Hot Creations
16.3%
Klockworks
15.1%
Dancemania
17.5%
Which UK Garage legend is originally from the U.S?
Todd Edwards
47.6%
DJ EZ
34.3%
Grant Nelson
9.8%
Zed Bias
7.8%
Which one of these American record labels is known for their 'Ghetto House' classics?
Dancemania
47.3%
Axis
12.5%
Planet E Communications
20.8%
Cajual Records
17.8%
In what year was 'Mr Fingers - Can You Feel It' released?
1986
47.1%
1992
30.6%
1997
8.8%
1983
12.4%
Who originally started the group 'Underground Resistance'?
Jeff Mills & Mike Banks
46.9%
Jeff Mills & Carl Craig
33.5%
Jeff Mills & DJ Deeon
9.6%
Jeff Mills & DJ Funk
9.6%
The acid group Phuture was founded by which three members?
Spanky, DJ Pierre & Herb J
45.3%
Carl Craig, Kerri Chandler & Lil Louis
20.6%
Paul Johnson, Kenny Dope & DJ Sneak
15.7%
Kerri Chandler, Robin S & Todd Terry
16.1%
In what year was Green Velvet's 'Preacher Man' released?
1993
35.3%
1991
16.3%
1997
32.2%
1999
14.7%
Quiz Playlist
Details
Report
Send in Message
Add To Playlist
Multiple Choice:
Click on answers out of a set of options
Random Order:
Randomize order of answers
Last Updated: Jul 4, 2017
Quiz Scoreboard
CHALLENGE
Sign Up to Join the Scoreboard
Show All
Scores
Hide
Comments
May contain spoilers
Recently Published
Find the 'City' Movie
by crazypaving
Movies
60s
5x2 Blitz: Bands
by SL_Kpop136
Music
30s
Colored Red Africa Blitz
by spor1
Geography
30s
More to Explore
Quiz From the Vault
Featured Blog Post
14 Easter Pick-up Lines to Find Eggs With
hide this ad
You Might Also Like...
Tags
America
dance
Edition
Today's Top Quizzes in Music
Browse Music
hide this ad
Today's Top Quizzes in Edition
Browse Edition
Top Contributed Quizzes in Music
1
5X2 Blitz: Bands II
2
Taylor Swift Logic Puzzle II
3
Taylor Swift All Songs (2024)
4
5X2 Blitz: The Beatles
5
5X2 Blitz: Billboard
6
5X2 Blitz: Singers
7
5X2 Blitz: Album
8
5X2 Blitz: Rock
9
Music Artist by Three 2010s hits
10
5X2 Blitz: Billboard II
Explore More
Trending Topics
Crossword
Disney
Anime
Harry Potter
Kpop
NBA
Marvel
The Office
Song
Pokémon
Country
Puzzle
Soccer
NFL
WWE
hide this ad
More By:
FourFourMag
Quiz
Plays
Rating
Category
Featured
Created
Dance music general knowledge: American edition
510
3.00
Music
Jul 4, 2017
Summer Jams general knowledge
380
2.50
Music
Jul 26, 2017
Dance music general knowledge: The Prodigy
285
5.00
Music
Jul 11, 2017
Name the label of these Dance Classics
204
Music
Jun 15, 2017
Summer Jams Quiz
68
Music
Jul 26, 2017
Go to Creator's Profile
Score Distribution
Quiz Creator Spotlight
FourFourMag
Follow
Send a Message
Quizzes Created
-
Created Quiz Play Count
-
More By This Creator
Popular Quizzes Today
1
Colored Red Africa Blitz
2
Find the 'City' Movie
3
5x2 Blitz: Bands
4
Find the US States - No Outlines Minefield
5
The Countries of the World
6
Find the US States
7
US States
8
9x9 Crossword: Cartoon Network
More Music Quizzes
7 Letter Words in 1980s Songs
Published
Trending Quizzes
Colored Red Europe Blitz I
Colored Red Africa Blitz II
Colored Red Africa Blitz III
Colored Red Europe Blitz III
Colored Red Europe Blitz II
Recently Updated
Champions League XIs: Real Madrid
pecheneg
Largest US Cities 1790-2010
pecheneg
Rides in Walt Disney World
pecheneg
Most Oscar Losses (Acting)
pecheneg
Beyoncé Albums
pecheneg
Leaping Animals
pecheneg
Reality TV Shows (A-Z)
bhenderson79
Rickey Henderson's Hall of Fame Teammates
pecheneg
Champions League XIs: Arsenal
pecheneg
Quick Pick: Celebrities in WWE's Hall of Fame
aduchscher
Trending Topics
Disney
Marvel
Anime
Crossword
Harry Potter
Kpop
NBA
Soccer
WWE
Pokémon
NFL
Puzzle
Song
The Office
Country
Your Account Isn't Verified!
In order to create a playlist on Sporcle, you need to verify the email address you used during registration. Go to your
Sporcle Settings
to finish the process.
Report this User
Report this user for behavior that violates our
Community Guidelines
.
Details:
Send Report
Go to the Sporcle.com Mobile Site →
Comments